[Event "Malaga-ch"]
[Site "Malaga"]
[Date "2012.01.29"]
[Round "7"]
[White "Jurado Vazquez, Jose Carlos"]
[Black "Ruiz Gutierrez, Manuel"]
[Result "1/2-1/2"]
[WhiteElo "1933"]
[BlackElo "2182"]
[PlyCount "108"]
[EventDate "2012.01.14"]
[EventType "swiss"]
[EventRounds "9"]
[EventCountry "ESP"]
[SourceTitle "CBM 146 Extra"]
[Source "ChessBase"]
[SourceDate "2012.02.29"]
[SourceVersion "1"]
[SourceVersionDate "2012.02.29"]
[SourceQuality "1"]

1. Nf3 c5 2. c4 g6 3. g3 Bg7 4. Nc3 Nc6 5. Bg2 e6 6. d3 Nge7 7. Bf4 d6 8. 0-0 0-0 9. a3 Nd4 10. Rc1 h6 11. b4 e5 12. Bd2 Be6 13. Ne1 Qd7 14. e3 Ndc6 15. Nd5 Rae8 16. Qa4 b6 17. b5 Nd8 18. Qa6 Bxd5 19. cxd5 f5 20. Rc4 Nf7 21. Qa4 a6 22. Rc1 axb5 23. Qb3 Ra8 24. Nc2 Nc8 25. Rb1 Na7 26. Rfc1 Kh7 27. e4 Kh8 28. Ne1 Qe7 29. h4 f4 30. Qd1 Qf6 31. Qg4 Rae8 32. gxf4 h5 33. Qg3 exf4 34. Bxf4 Ne5 35. Bg5 Qf7 36. Rc2 Ng4 37. Nf3 Ne5 38. Nxe5 Bxe5 39. f4 Bd4+ 40. Kh1 Qb7 41. Re1 Qg7 42. Bh3 Bc3 43. Rf1 b4 44. axb4 cxb4 45. f5 Nb5 46. f6 Bxf6 47. Bxf6 Rxf6 48. Rxf6 Qxf6 49. Bd7 Qf1+ 50. Kh2 Ra8 51. Bxb5 Ra1 52. Qg2 Qf4+ 53. Kh3 Qe3+ 54. Kh2 Qf4+ 1/2-1/2

[Event "Malaga op 13th"]
[Site "Malaga"]
[Date "2010.02.22"]
[Round "4"]
[White "Jurado Vazquez, Jose Carlos"]
[Black "Canamero Corredera, Jose Antonio"]
[Result "1/2-1/2"]
[WhiteElo "1956"]
[BlackElo "1662"]
[PlyCount "91"]
[EventDate "2010.02.20"]
[EventType "swiss"]
[EventRounds "9"]
[EventCountry "ESP"]
[SourceTitle "CBM 135 Extra"]
[Source "ChessBase"]
[SourceDate "2010.05.04"]
[SourceVersion "1"]
[SourceVersionDate "2010.05.04"]
[SourceQuality "1"]

1. d4 Nf6 2. c4 g6 3. Nc3 d5 4. cxd5 Nxd5 5. e4 Nxc3 6. bxc3 Bg7 7. Bc4 c5 8. Ne2 0-0 9. 0-0 cxd4 10. cxd4 Nc6 11. Be3 Bg4 12. f3 Na5 13. Bd3 Be6 14. Qa4 b6 15. Nf4 b5 16. Nxe6 fxe6 17. Qc2 Bxd4 18. Bxd4 Qxd4+ 19. Kh1 Rac8 20. Qe2 Nc4 21. Bxc4 Qxc4 22. Qe3 Qc5 23. Qb3 Kf7 24. f4 Qc3 25. Qd1 Rfd8 26. Qg4 Qf6 27. f5 exf5 28. exf5 Kg7 29. Rae1 Rf8 30. Rf3 Rc4 31. Qg3 g5 32. h3 Rc6 33. Rfe3 Qxf5 34. Rxe7+ Rf7 35. R1e5 Qf4 36. Rxg5+ Rg6 37. Qc3+ Kh6 38. Rxg6+ Kxg6 39. Re6+ Rf6 40. Qd3+ Qf5 41. Qg3+ Kf7 42. Re1 Re6 43. Qc7+ Kf6 44. Qd8+ Kf7 45. Qd7+ Kf6 46. Qd8+ 1/2-1/2

[Event "Malaga op 12th"]
[Site "Malaga"]
[Date "2009.07.17"]
[Round "8"]
[White "Guadamuro Torrente, Anabel"]
[Black "Jurado Vazquez, Jose Carlos"]
[Result "1-0"]
[WhiteElo "2136"]
[BlackElo "1963"]
[PlyCount "81"]
[EventDate "2009.07.11"]
[EventType "swiss"]
[EventRounds "9"]
[EventCountry "ESP"]
[SourceTitle "CBM 131 Extra"]
[Source "ChessBase"]
[SourceDate "2009.09.03"]
[SourceVersion "2"]
[SourceVersionDate "2009.09.16"]
[SourceQuality "1"]

1. e4 c5 2. Nf3 d6 3. d4 cxd4 4. Nxd4 Nf6 5. Nc3 a6 6. Be2 e6 7. 0-0 Be7 8. Be3 0-0 9. f4 Qc7 10. Qe1 Nc6 11. Qg3 Bd7 12. Kh1 b5 13. a3 Rac8 14. f5 Kh8 15. Qh3 Nxd4 16. Bxd4 e5 17. Be3 Bc6 18. Bd3 Qb7 19. Bg5 Rfe8 20. Qh4 Ng8 21. Bxe7 Qxe7 22. Qh3 Qb7 23. Rae1 f6 24. Qh4 Ne7 25. Ne2 d5 26. Ng3 dxe4 27. Nxe4 Bxe4 28. Bxe4 Nc6 29. Rf3 Qf7 30. c3 Ne7 31. Rh3 h6 32. Rd3 Red8 33. Red1 Rxd3 34. Rxd3 Qc4 35. Qe1 a5 36. Rd7 Rc7 37. Rd8+ Kh7 38. h3 a4 39. Bd3 Qc6 40. Qg3 Rd7 41. Qg6+ 1-0